Normal view
MARC view
Entry Personal Name
001 - CONTROL NUMBER
- control field: 10255
003 - CONTROL NUMBER IDENTIFIER
- control field: BD-RjUL
005 - DATE AND TIME OF LATEST TRANSACTION
- control field: 20231129150248.0
008 - FIXED-LENGTH DATA ELEMENTS
- fixed length control field: 231129|| aca||aabn | a|a d
040 ## - CATALOGING SOURCE
- Original cataloging agency: BD-RjUL
- Transcribing agency: BD-RjUL
100 ## - HEADING--PERSONAL NAME
- Personal name: Ali, Md. Yeasin
670 ## - SOURCE DATA FOUND
- Source citation: Work cat.: (BD-RjUL)82377: Ali, Md. Yeasin, Agronomical Characters and Nutritional Quality Analyses in Selected Potato (Solanum Tuberosum L.) genotypes /, 2018